|
|
|
|
| LEADER |
00000nta a2200000 i 4500 |
| 001 |
dolg34115 |
| 005 |
20210713065502.0 |
| 008 |
210713s2012 hu om 000 hun d |
| 040 |
|
|
|a BGE Dolgozattár Repozitórium
|b hun
|
| 041 |
|
|
|a hu
|
| 100 |
1 |
|
|a Vári Krisztina
|
| 245 |
1 |
2 |
|a A betegbiztonság és betegelégedettség a Kenézy Kórházban
|c Vári Krisztina
|h [elektronikus dokumentum]
|
| 260 |
|
|
|c 2012
|
| 695 |
|
|
|a Egészségügyi szolgáltatás
|
| 695 |
|
|
|a Minőségbiztosítás
|
| 700 |
1 |
|
|a Nincs adat Nincs adat
|e ths
|
| 856 |
4 |
0 |
|u http://dolgozattar.uni-bge.hu/34115/1/D_16250_QAUOPE%20-%20V%C3%A1ri%20Krisztina.pdf
|z Dokumentum-elérés
|